Statistics for Australian National Public Holidays

Click here to take the quiz!

General Stats

  • This quiz has been taken 23 times
  • The average score is 5 of 7

Answer Stats

Answer% Correct
Australia Day
89%
Christmas Day
83%
New Years' Day
83%
Boxing Day
78%
Good Friday
72%
Anzac Day
67%
Easter Monday
50%

Score Distribution

Percentile by Number Answered

Percent of People with Each Score

Your Score History

You have not taken this quiz